[Event "Kinross USSA op"]
[Site "Kinross"]
[Date "2018.07.05"]
[Round "6"]
[White "Babuseng, Benjamin"]
[Black "Mithi, Dumiso"]
[Result "1/2-1/2"]
[WhiteElo "1569"]
[BlackElo "1324"]
[PlyCount "68"]
[EventDate "2018.07.02"]
[EventType "swiss"]
[EventRounds "9"]
[EventCountry "RSA"]
[SourceTitle "CBM 185 Extra"]
[Source "ChessBase"]
[SourceDate "2018.07.29"]
[SourceVersion "1"]
[SourceVersionDate "2018.07.29"]
[SourceQuality "1"]

1. d4 d5 2. Nf3 Nf6 3. Bf4 Bf5 4. e3 e6 5. Bd3 Bg4 6. Nbd2 Nbd7 7. h3 Bh5 8. c3 Be7 9. Qc2 Bg6 10. Ne5 Nxe5 11. dxe5 Bxd3 12. Qxd3 Nd7 13. e4 Nb6 14. Rd1 0-0 15. 0-0 c5 16. exd5 Qxd5 17. Qe2 Qxa2 18. Ne4 Qc4 19. Qxc4 Nxc4 20. Rd7 Bd8 21. Rxb7 Bb6 22. b4 cxb4 23. cxb4 Nb2 24. Bg3 Nd3 25. b5 Rad8 26. Nd6 Nc5 27. Re7 Nb3 28. Rb1 Nd4 29. Kf1 h6 30. f3 Nc2 31. Bf2 Ne3+ 32. Kg1 Nd5 33. Bxb6 axb6 34. Rb7 Ra8 1/2-1/2